000 00279nam a22001217a 4500
008 171003b xxu||||| |||| 00| 0 eng d
041 _aeng
080 _a159.9
100 _a48
101 _apsi
245 _aTHEORIES OF PSYCHOTHERAPY COUNSELING
_cSHRF.R
942 _2udc
_cBK
999 _c31305
_d31305